Megamind members - Statistics

General Stats
  • This quiz has been taken 81 times
  • The average score is 15 of 25
Answer Stats
Hint Answer % Correct
2 Claire Doty
95%
1 Claire Willis
86%
5 Macy Davis
86%
14 Moriah Davis
82%
8 Emily Reaves
77%
6 Emma Nelson
77%
25 Maddie Fairchild
77%
15 Noah Seiter
77%
9 Emily McDaniel
73%
13 Gerson Melton
73%
3 Claire Bowden
68%
21 Abe Archer
64%
24 Dossett Hall
64%
19 Elijah Foster
64%
4 Macey Wyler
64%
18 Tregan Holterman
55%
7 Taylor Roberts
45%
16 Abby Elcan
41%
10 Anna Marvin
41%
22 Davis Elleman
41%
17 Riley Easterling
41%
11 Brady Billingsley
36%
12 Kristen Joyner
32%
23 Wyatt Pollet
27%
20 Ryan Yumang
23%
No matching quizzes found
Score Distribution
Percent of People with Each Score
Percentile by Number Answered
Your Score History
You have not taken this quiz